000 00286nam a22001337a 4500
008 170307b xxu||||| |||| 00| 0 eng d
020 _a9780064550161
041 _aeng
080 _a611
100 _a6
101 _aSHM
245 _aANATOMY COLORING BOOK
_cKAPIT, W
942 _2udc
_cBK
999 _c7030
_d7030